| 000 | 00808nam a2200265 a 4500 | ||
|---|---|---|---|
| 001 | 59535 | ||
| 003 | BHD-RJUL | ||
| 005 | 20211209080737.0 | ||
| 008 | 161226s1977 enk b 000 0 eng | ||
| 020 | _a0855275510 | ||
| 020 | _a0855276215 (pbk.) | ||
| 035 | _aBHD-RJUL 59659 | ||
| 040 |
_aDLC _cDLC _dm.c _beng |
||
| 041 | 1 | _aengfre | |
| 082 |
_223 _a306.3 _bAMI 1977 |
||
| 100 | 1 |
_aAmin, Samir. _9177079 |
|
| 245 | 1 | 0 |
_aImperialism and unequal development / _cby Samir Amin |
| 260 |
_aHassocks : _bHarvester Press, _c1977 |
||
| 300 |
_a267 p. ; _c21 cm |
||
| 500 | _aTranslation of L'impérialisme et le développement inégal | ||
| 504 | _aIncludes bibliographical references | ||
| 650 | 0 |
_aSocialism _9172186 |
|
| 830 | 0 |
_aMarxist theory and contemporary capitalism _9177081 |
|
| 942 |
_2ddc _cBK |
||
| 999 |
_c59535 _d59535 |
||